000 00621nam a22001817a 4500
999 _c61473
_d61473
005 20240318160857.0
008 240318s1981 enk||||| |||| 00| 0 eng d
020 _a0870992627
041 _aeng
080 _a069 B-87
100 _aBrown, Katharine Reynolds
_921453
245 _aGuide to Provincial Roman and Barbarian Metalwork and Jewelry in The Metropolitan Museum of Art
_cKatharine Reynolds Brown.
264 _aNew York,
_c1981.
300 _a28 p.:
_bill.;
_c23 cm.
653 _aლითონის ნაკეთობები
653 _aსამკაულები
942 _2udc
_cᲬᲘᲒᲜᲘ